000 00746nam a2200181Ia 4500
008 100921s9999 xx 000 0 und d
082 _b41919
_a891.463 न 07
100 _aअष्टीकर मंदाकिनी.
245 _aमनात फुलली चैत्रपालवी.
260 _bनिशिगंधा प्रकाशन,पुणे.
_c2007
300 _a208
_bकलाभारती वितरण,पुणे
365 _b210
520 _aललित-कादंबरी.
630 _aमनात फुलली चैत्रपालवी.
650 _aललित-कादंबरी.
730 _aमनात फुलली चैत्रपालवी.
942 _cBOOK
999 _c791032
_d791029